000 00489nam a22001697a 4500
005 20251108172710.0
008 250721s2002 xx 000 0 ara d
082 1 4 _a214.5/عطو
100 1 _aعطون، أحمد موسى
_eمؤلف
245 1 0 _aالجنة كأنك تراها /
264 1 _aعمان :
_bدار البيت العتيق،
_c2002.
300 _a119ص.
650 1 7 _aالجنة
650 1 7 _aأصول الدين الإسلامي
942 _2ddc
_cBK
999 _c86260
_d86260